Элементарная теория музыки: для музыкальных училищ и школ

Бібліографічні деталі
Автор: Павлюченко С. А.
Мова:Російська
Опубліковано: Ленинград, Музгиз, 1946
Редагування:3-е изд.
Предмети:
Формат: Книга
KOHA link:https://koha.lib.tpu.ru/cgi-bin/koha/opac-detail.pl?biblionumber=151035

MARC

LEADER 00000nam0a2200000 4500
001 151035
005 20231031150348.0
035 |a (RuTPU)RU\TPU\book\163766 
090 |a 151035 
100 |a 20090117d1946 m y0rusy50 ca 
101 0 |a rus 
102 |a RU 
105 |a y z 000zy 
200 1 |a Элементарная теория музыки  |e для музыкальных училищ и школ  |f С. А. Павлюченко 
205 |a 3-е изд. 
210 |a Ленинград  |a Москва  |c Музгиз  |d 1946 
215 |a 160 с. 
610 1 |a музыка 
610 1 |a звук 
610 1 |a звукоряд 
610 1 |a нотное письмо 
610 1 |a метр 
610 1 |a ритм 
610 1 |a мелизмы 
610 1 |a интервалы 
610 1 |a аккорды 
610 1 |a мажорный лад 
610 1 |a минорный лад 
610 1 |a минорные тональности 
610 1 |a интервалы 
610 1 |a транспозиции 
675 |a 75  |v 3 
700 1 |a Павлюченко  |b С. А. 
801 1 |a RU  |b 63413507  |c 20090117  |g PSBO 
801 2 |a RU  |b 63413507  |c 20100316  |g PSBO 
942 |c BK